Bad Reputation (All Lyrics) - Joan Jett - Statistics

General Stats
  • This quiz has been taken 12 times
  • The average score is 221 of 315
Answer Stats
Answer % Correct
a
100%
A
100%
bad
100%
I
100%
reputation
100%
reputation,
100%
in
83%
me
83%
(me,
83%
me,
83%
me)
83%
my
83%
Never
83%
never
83%
no,
83%
(no,
83%
no)
83%
no
83%
no,)
83%
not
83%
Not
83%
Oh
83%
the
83%
The
83%
you
83%
and
67%
And
67%
damn
67%
do
67%
don't
67%
generation
67%
give
67%
gonna
67%
I'm
67%
It
67%
it's
67%
Livin'
67%
livin'
67%
new
67%
past,
67%
to
67%
what
67%
when
67%
You're
67%
about
50%
'bout
50%
can
50%
girl
50%
have
50%
improve
50%
really
50%
she
50%
should
50%
station
50%
that's
50%
wanted
50%
wants
50%
why
50%
been
33%
care
33%
got
33%
if
33%
of
33%
one
33%
said
33%
say
33%
So
33%
they
33%
wanna
33%
ain't
17%
any
17%
anyway
17%
anyway?
17%
better
17%
communication
17%
feel
17%
fun
17%
gets
17%
havin'
17%
how
17%
only
17%
please
17%
there's
17%
think
17%
afraid
0%
boys
0%
change
0%
deviation
0%
doin'
0%
everyone
0%
good
0%
Hello,
0%
pain
0%
stay
0%
strange
0%
trouble,
0%
world's
0%
No matching quizzes found
Score Distribution
Percent of People with Each Score
Percentile by Number Answered
Your Score History
You have not taken this quiz